000 00755nam a2200181Ia 4500
008 151018s9999 xx 000 0 und d
082 _bRBASDV47886
_a891.433
100 _aसुदर्शन भाटीया
245 _aलक्ष्यबोध कराते :साहसी महापुरुष
250 _b1
260 _bमित्तल एंड सन्स
_c2007
300 _a128
600 _aसुदर्शन भाटीया
630 _aलक्ष्यबोध कराते :साहसी महापुरुष
700 _aसुदर्शन भाटीया
730 _aलक्ष्यबोध कराते :साहसी महापुरुष
942 _cBOOK
999 _c1047016
_d1047013